000 00614nam a2200229 4500
003 OSt
005 20260601193524.0
008 260508b1996 uxx||||| |||| 00| 0 eng d
020 _a390180109X
040 _aICI
_bspa
_cICI
041 _aeng
050 0 _aNK1510
_bF46 1989
100 1 _aFenzl, Kristian
_dautor
_935506
245 1 _aDESIGN
264 _bWissenstransfer Austria
_c1996
300 _a195 pƔginas:
_bilustraciones
336 _atexto
_2rdacontent
337 _asin medio
_2rdamedia
338 _avolumen
_2rdacarrier
500 _aDeedicado x el Autor Extra ! Recopilación
942 _2lcc
_cB
_n1
999 _c21122
_d21122